Podielové listy a ich účtovanie

Vymedzenie podielových listov. Základné typy podielových fondov podľa zákona o kolektívnom investovaní. Členenie podielových fondov podľa rizika trhu. Účtovný režim podielových listov. Ilustračné príklady.

Na minha lista:
Detalhes bibliográficos
Autor principal: Dobšovič, Dušan
Formato: Capítulo de Livro
Idioma:eslovaco
Assuntos:
Tags: Adicionar Tag
Sem tags, seja o primeiro a adicionar uma tag!

MARC

LEADER 00000naa$a2200000$$$4500
001 0076449
005 20231127094649.1
041 0 |a slo 
044 |a SK 
245 1 0 |a Podielové listy a ich účtovanie  |c Dušan Dobšovič 
520 |a Vymedzenie podielových listov. Základné typy podielových fondov podľa zákona o kolektívnom investovaní. Členenie podielových fondov podľa rizika trhu. Účtovný režim podielových listov. Ilustračné príklady. 
610 2 0 |a listy podielové 
610 2 0 |a účtovanie 
610 2 0 |a fondy podielové 
610 2 0 |a riziko trhové 
610 2 0 |a investovanie kolektívne 
100 1 |a Dobšovič, Dušan